Vida e morte de uma aldeia da serra algarvia (Registo nº 4113)

Detalhes MARC
000 -Etiqueta do registo
Cabeçalho 00694cam a2200277 4500
005 - Identificador da versão
Campo de controlo 20240813122053.0
095 ## -
-- PTBN00746570
021 ## - Número do Depósito Legal
Código do país PT
Número 86740/95
100 ## - Dados gerais de processamento
Dados gerais de processamento 19950705d1995 m y0pory5003 ba
102 ## - Pais de publicação ou produção
País de publicação Portugal
101 0# - Língua de publicação
Língua do texto, banda sonora, etc. Português
106 ## - Campo de dados codificados: material textual
Dados codificados do material textual r
105 ## - Campo de dados codificados: livros
Dados codificados dos livros a z 001yy
215 ## - Descrição física 
Indicação específica da natureza do documento e extensão da espécie 118 p.
Outras indicações físicas il.
Dimensões 21 cm
200 1# - Titulo e menção de responsabilidade
Título próprio Vida e morte de uma aldeia da serra algarvia
Primeira menção de responsabilidade Carlos da Luz
225 1# - Colecção 
Título próprio da colecção Terra que já foi terra
205 ## - Menção da edição
Menção da edição 1ª ed
210 ## - Publicação, Distribuição, etc. 
Lugar da edição, distribuição, etc. Aljezur
Nome do editor, distribuidor, etc. Suledita
Data da publicação, distribuição, etc. 1995
607 ## - Nome geográfico usado como assunto
Número de registo de entrada de autoridade 0000736
Código do sistema SIPOR
675 ## - Classificação Decimal Universal (CDU)
Notação 94(469.601)
Edição BN
Língua da edição por
700 #1 - Nome de autor-pessoa física (responsabilidade principal)
Número de registo de entrada de autoridade 0000738
Palavra de ordem Luz
Outra parte do nome não tomada para palavra de ordem Carlos da
942 ## - Elementos de entrada adicionados (Koha)
Tipo de item no Koha Livro
Exemplares
Situação do levantamento Origin of item (home branch) (coded) Biblioteca de empréstimo Código de barras Cota Circulation type (not for loan) Tipo de documento Nota do exemplar Damaged status
  Biblioteca Escolar das Vendas Biblioteca Escolar das Vendas BEV839 9FL ALI   Livro Sem mensagem  
  Biblioteca Escolar das Vendas Biblioteca Escolar das Vendas BEV840 9FL ALI   Livro Sem mensagem